000 00212nam a2200097Ia 4500
005 20251222114357.0
008 251222s1900||||xx |||||||||||||| ||spa||
082 _aDVD0092/S99/2005
245 0 _aJesús:
942 _cDVD
999 _c1465
_d1465